[Event "Krakow op-B 28th"]
[Site "Krakow"]
[Date "2017.12.29"]
[Round "3"]
[White "Suder, Jakub"]
[Black "Czernicki, Bogdan"]
[Result "1/2-1/2"]
[WhiteElo "1768"]
[BlackElo "1894"]
[PlyCount "102"]
[EventDate "2017.12.27"]
[EventType "swiss"]
[EventRounds "9"]
[EventCountry "POL"]
[SourceTitle "CBM 182 Extra"]
[Source "ChessBase"]
[SourceDate "2018.02.23"]
[SourceVersion "1"]
[SourceVersionDate "2018.02.23"]
[SourceQuality "1"]

1. e4 c5 2. Nf3 Nc6 3. Nc3 e5 4. Bc4 d6 5. 0-0 g6 6. d3 h6 7. Ne1 Bg7 8. f4 Nf6 9. Nf3 Bg4 10. h3 Bxf3 11. Qxf3 Nd4 12. Qf2 0-0 13. Nd5 Nxd5 14. Bxd5 exf4 15. c3 Ne6 16. Bxf4 Qe7 17. Bg3 Kh7 18. Bh4 f6 19. g4 Ng5 20. Qg2 Rad8 21. Bg3 b6 22. h4 Ne6 23. Qf2 Nc7 24. h5 Qe8 25. Rae1 Kh8 26. hxg6 Qxg6 27. Qf5 Qh7 28. Qxh7+ Kxh7 29. Rf5 Rfe8 30. Ref1 Kg6 31. Kg2 Nxd5 32. Rxd5 Bf8 33. Bf4 Be7 34. Rh5 Rh8 35. Rfh1 Bf8 36. Kf1 Bg7 37. Rd5 Bf8 38. Rhh5 Rh7 39. Bg3 Rdd7 40. Rhf5 Rhf7 41. Bf4 Rh7 42. Ke2 a6 43. Kf3 Rhf7 44. Kg3 Rh7 45. Kh3 Rhf7 46. Bg3 Rh7 47. Bf4 Rhf7 48. Bg3 Rh7 49. Bf2 Rhf7 50. Be1 Rfe7 51. Bg3 Rh7 1/2-1/2

[Event "POL-chT 2nd League"]
[Site "Szczyrk"]
[Date "2014.09.14"]
[Round "9.99"]
[White "Kadziela, Andrzej"]
[Black "Czernicki, Bogdan"]
[Result "0-1"]
[WhiteElo "1578"]
[BlackElo "1856"]
[PlyCount "148"]
[EventDate "2014.09.06"]
[EventType "team-swiss"]
[EventRounds "9"]
[EventCountry "POL"]
[SourceTitle "EXT 2015"]
[Source "ChessBase"]
[SourceDate "2014.11.20"]
[SourceVersion "1"]
[SourceVersionDate "2014.11.20"]
[SourceQuality "1"]
[WhiteTeam "Rzeszow RzKSz"]
[BlackTeam "Drogowiec"]
[WhiteTeamCountry "POL"]
[BlackTeamCountry "POL"]

1. c3 e5 2. Qc2 d5 3. g3 f5 4. Bg2 Nf6 5. Nf3 Bd6 6. c4 c6 7. b3 0-0 8. Bb2 Qe7 9. 0-0 Bd7 10. a3 a6 11. b4 a5 12. c5 Bc7 13. d4 e4 14. Ng5 axb4 15. axb4 Rxa1 16. Bxa1 f4 17. Bc3 h6 18. Nh3 f3 19. exf3 exf3 20. Re1 Ne4 21. Bf1 Qf6 22. Nd2 Nxd2 23. Qxd2 g5 24. Kh1 g4 25. Ng1 Bf5 26. b5 Nd7 27. b6 Bd8 28. Qe3 Qg5 29. Bd2 Bf6 30. h4 Qxe3 31. Bxe3 Ra8 32. Rd1 h5 33. Bd3 Bxd3 34. Rxd3 Ra4 35. Kh2 Nf8 36. Nh3 gxh3 37. Kxh3 Ne6 38. g4 hxg4+ 39. Kxg4 Nxc5 40. Rd1 Ne6 41. Kf5 Kf7 42. h5 Nxd4+ 43. Kg4 Nc2+ 44. Kxf3 Nxe3 45. Kxe3 Rb4 46. f4 Rxb6 47. Kf3 Rb4 48. Rg1 Ke6 49. h6 Kf5 50. Rh1 Rxf4+ 51. Kg3 Rg4+ 52. Kf3 Rh4 53. Rb1 Rxh6 54. Rxb7 Rh3+ 55. Ke2 c5 56. Rb5 Bd4 57. Rb8 Re3+ 58. Kd2 c4 59. Rf8+ Kg6 60. Rg8+ Kf7 61. Rg5 Rd3+ 62. Kc2 Bf6 63. Rg2 d4 64. Re2 Rh3 65. Re4 Rh2+ 66. Kd1 c3 67. Re1 d3 68. Rf1 Ra2 69. Ke1 Ra1+ 70. Kf2 Rxf1+ 71. Kxf1 c2 72. Kf2 c1Q 73. Kf3 Qe1 74. Kg4 Qe4+ 0-1

[Event "POL-chT 2nd League"]
[Site "Szczyrk"]
[Date "2014.09.13"]
[Round "8.94"]
[White "Wisniewski, Przemyslaw"]
[Black "Czernicki, Bogdan"]
[Result "1/2-1/2"]
[WhiteElo "2021"]
[BlackElo "1856"]
[PlyCount "81"]
[EventDate "2014.09.06"]
[EventType "team-swiss"]
[EventRounds "9"]
[EventCountry "POL"]
[SourceTitle "EXT 2015"]
[Source "ChessBase"]
[SourceDate "2014.11.20"]
[SourceVersion "1"]
[SourceVersionDate "2014.11.20"]
[SourceQuality "1"]
[WhiteTeam "Bydgoszcz Wiartrak"]
[BlackTeam "Drogowiec"]
[WhiteTeamCountry "POL"]
[BlackTeamCountry "POL"]

1. Nf3 Nf6 2. b3 c5 3. Bb2 Nc6 4. e3 g6 5. Be2 Bg7 6. 0-0 0-0 7. d4 cxd4 8. Nxd4 Nxd4 9. Bxd4 d6 10. c4 Bd7 11. Nd2 Bc6 12. Rc1 Re8 13. b4 b6 14. Bf3 Rc8 15. Nb3 e5 16. Ba1 e4 17. Be2 Qe7 18. Nd4 Ba8 19. a3 Red8 20. Qa4 h5 21. h3 Rc7 22. Rc2 Nd7 23. Qb3 a5 24. Nb5 Rcc8 25. Bxg7 Kxg7 26. Rd1 Ne5 27. Rcd2 Rc6 28. bxa5 bxa5 29. Qa4 Ra6 30. c5 d5 31. Nc3 Nd3 32. Bxd3 exd3 33. Qd4+ Kh7 34. Rxd3 Rc8 35. Nxd5 Bxd5 36. Qxd5 Rxc5 37. Qd7 Qxd7 38. Rxd7 Kg7 39. R7d5 Rc3 40. R1d3 Rc1+ 41. Rd1 1/2-1/2

[Event "POL-chT 2nd League"]
[Site "Szczyrk"]
[Date "2014.09.12"]
[Round "7.93"]
[White "Bugalski, Michal"]
[Black "Czernicki, Bogdan"]
[Result "1-0"]
[WhiteElo "2183"]
[BlackElo "1856"]
[PlyCount "67"]
[EventDate "2014.09.06"]
[EventType "team-swiss"]
[EventRounds "9"]
[EventCountry "POL"]
[SourceTitle "EXT 2015"]
[Source "ChessBase"]
[SourceDate "2014.11.20"]
[SourceVersion "1"]
[SourceVersionDate "2014.11.20"]
[SourceQuality "1"]
[WhiteTeam "Kolbudy UKS Zawisza"]
[BlackTeam "Drogowiec"]
[WhiteTeamCountry "POL"]
[BlackTeamCountry "POL"]

1. e4 c5 2. Nf3 Nc6 3. Bb5 g6 4. 0-0 Bg7 5. Re1 e5 6. Bxc6 dxc6 7. d3 Ne7 8. Nbd2 0-0 9. Nc4 Qc7 10. Qe2 Be6 11. b3 b6 12. Bb2 f6 13. a4 Nc8 14. a5 Nd6 15. Qe3 Nb5 16. c3 Rfd8 17. Nfd2 Bf7 18. h3 Nd6 19. b4 Nxc4 20. Nxc4 b5 21. Na3 cxb4 22. cxb4 Bf8 23. Nc2 c5 24. Rac1 a6 25. Qf3 Kg7 26. Ne3 Rac8 27. Ng4 Be7 28. Rxc5 Qd7 29. Rxe5 Rc6 30. Rxe7 Qxe7 31. e5 Qxb4 32. Qxc6 Qxe1+ 33. Kh2 fxe5 34. Qf6+ 1-0

[Event "Kochan Memorial op 23rd"]
[Site "Koszalin"]
[Date "2012.08.17"]
[Round "8"]
[White "Malaczek, Mateusz"]
[Black "Czernicki, Bogdan"]
[Result "1/2-1/2"]
[WhiteElo "1822"]
[BlackElo "1850"]
[PlyCount "135"]
[EventDate "2012.08.11"]
[EventType "swiss"]
[EventRounds "9"]
[EventCountry "POL"]
[SourceTitle "CBM 149 Extra"]
[Source "ChessBase"]
[SourceDate "2012.08.24"]
[SourceVersion "1"]
[SourceVersionDate "2012.08.24"]
[SourceQuality "1"]

1. Nf3 Nf6 2. g3 g6 3. Bg2 Bg7 4. 0-0 0-0 5. c4 c5 6. Nc3 Nc6 7. a3 a5 8. d3 e5 9. Rb1 d6 10. Bd2 Bd7 11. Nb5 Qe7 12. Ne1 Rab8 13. Nc2 b6 14. b4 axb4 15. axb4 Nd4 16. Nc3 Nxc2 17. Qxc2 Be6 18. bxc5 bxc5 19. Rb3 Rxb3 20. Qxb3 Qd7 21. Rb1 Bh3 22. Bh1 h5 23. Qb6 Rc8 24. Ra1 Bf8 25. Ra7 Qe8 26. Nb5 Rb8 27. Qxb8 Qxb8 28. Ra8 Qxa8 29. Bxa8 Bd7 30. Ba5 Be7 31. Na7 Ne8 32. Bc6 Bxc6 33. Nxc6 Kf8 34. e4 f6 35. f3 Kf7 36. Kf2 Ke6 37. Na7 f5 38. Nb5 Ng7 39. Nc7+ Kd7 40. Nd5 Ke6 41. Bd2 Bd8 42. f4 Ne8 43. fxe5 dxe5 44. Be3 fxe4 45. dxe4 Nd6 46. Nc3 Ba5 47. Na4 Nxe4+ 48. Kf3 Kf5 49. Nxc5 Nd6 50. Nb3 Nxc4 51. Nxa5 Nxa5 52. h3 e4+ 53. Ke2 Nc4 54. Bd4 g5 55. Bc3 Nb6 56. Bb2 Nd5 57. Bd4 h4 58. gxh4 Nf4+ 59. Kd2 gxh4 60. Bf2 Ng2 61. Be3 Nf4 62. Bf2 Nxh3 63. Bxh4 Kf4 64. Bd8 e3+ 65. Ke2 Ke4 66. Bb6 Nf4+ 67. Ke1 Nd3+ 68. Kf1 1/2-1/2

[Event "Kochan Memorial op 23rd"]
[Site "Koszalin"]
[Date "2012.08.11"]
[Round "1"]
[White "Czernicki, Bogdan"]
[Black "Cwirko, Mateusz"]
[Result "1-0"]
[WhiteElo "1850"]
[BlackElo "1436"]
[PlyCount "55"]
[EventDate "2012.08.11"]
[EventType "swiss"]
[EventRounds "9"]
[EventCountry "POL"]
[SourceTitle "CBM 149 Extra"]
[Source "ChessBase"]
[SourceDate "2012.08.24"]
[SourceVersion "1"]
[SourceVersionDate "2012.08.24"]
[SourceQuality "1"]

1. d4 Nf6 2. Nf3 g6 3. Bg5 Bg7 4. Nbd2 0-0 5. e4 d6 6. Bd3 Nbd7 7. 0-0 c5 8. c3 a6 9. a4 b6 10. h3 Bb7 11. Re1 Rc8 12. d5 h6 13. Bf4 Nh5 14. Bh2 Nhf6 15. Qc2 Ne8 16. c4 Ra8 17. e5 dxe5 18. Nxe5 Nd6 19. Ndf3 Nxe5 20. Nxe5 Re8 21. Rad1 Bc8 22. Re2 Bf5 23. Rde1 Bf6 24. g4 Bxd3 25. Qxd3 Rc8 26. Nxg6 fxg6 27. Qxg6+ Bg7 28. Be5 1-0

[Event "Rewal op-B 17th"]
[Site "Rewal"]
[Date "2012.08.??"]
[Round "8"]
[White "Widla, Piotr"]
[Black "Czernicki, Bogdan"]
[Result "1/2-1/2"]
[WhiteElo "1961"]
[BlackElo "1850"]
[PlyCount "21"]
[EventDate "2012.08.20"]
[EventType "swiss"]
[EventRounds "9"]
[EventCountry "POL"]
[SourceTitle "EXT 2014"]
[Source "ChessBase"]
[SourceDate "2013.11.20"]
[SourceVersion "1"]
[SourceVersionDate "2013.11.20"]
[SourceQuality "1"]

1. e4 c5 2. Nc3 e5 3. g3 d6 4. Bg2 g6 5. d3 Bg7 6. Be3 Ne7 7. Qd2 h5 8. h4 Be6 9. Nge2 Nbc6 10. Nd5 Nd4 11. c3 1/2-1/2

[Event "Rewal op-B 17th"]
[Site "Rewal"]
[Date "2012.08.??"]
[Round "1"]
[White "Wodecki, Mikolaj"]
[Black "Czernicki, Bogdan"]
[Result "0-1"]
[WhiteElo "1300"]
[BlackElo "1850"]
[PlyCount "50"]
[EventDate "2012.08.20"]
[EventType "swiss"]
[EventRounds "9"]
[EventCountry "POL"]
[SourceTitle "EXT 2014"]
[Source "ChessBase"]
[SourceDate "2013.11.20"]
[SourceVersion "1"]
[SourceVersionDate "2013.11.20"]
[SourceQuality "1"]

1. e4 e6 2. d4 d5 3. Nc3 Bb4 4. exd5 exd5 5. Bd3 Ne7 6. Nf3 Bg4 7. 0-0 c6 8. Re1 h6 9. Qe2 0-0 10. Bd2 Bd6 11. Na4 Nd7 12. Qe3 Nf5 13. Bxf5 Bxf5 14. Ne5 Bxc2 15. Nc5 Nxc5 16. dxc5 Bxe5 17. Qxe5 Re8 18. Qg3 Qf6 19. Bc3 Qg6 20. Qc7 Be4 21. g3 Rab8 22. Qd6 Qh5 23. Qf4 Rbc8 24. Re3 Re6 25. Rae1 g5 0-1

[Event "Pilzno op 4th"]
[Site "Pilzno"]
[Date "2010.06.05"]
[Round "6"]
[White "Czernicki, Bogdan"]
[Black "Dworak, Leszek"]
[Result "1-0"]
[WhiteElo "1946"]
[BlackElo "1675"]
[PlyCount "79"]
[EventDate "2010.06.03"]
[EventType "swiss"]
[EventRounds "7"]
[EventCountry "POL"]
[SourceTitle "CBM 136 Extra"]
[Source "ChessBase"]
[SourceDate "2010.07.02"]
[SourceVersion "2"]
[SourceVersionDate "2010.07.15"]
[SourceQuality "1"]

1. e4 c5 2. c4 d6 3. Nc3 Nf6 4. d3 g6 5. Be2 Nc6 6. h3 Bg7 7. Be3 Rb8 8. Qd2 Nd4 9. Nf3 Nd7 10. 0-0 0-0 11. Rac1 b5 12. Bxd4 cxd4 13. Nxb5 Qb6 14. b3 a6 15. Na3 h6 16. Nc2 Kh7 17. b4 Bb7 18. Nh2 f5 19. exf5 gxf5 20. Bf3 e5 21. Bxb7 Qxb7 22. Nf3 Bf6 23. Rb1 Rg8 24. Qe2 e4 25. dxe4 fxe4 26. Nfxd4 Rxg2+ 27. Kxg2 Ne5 28. Ne3 Nf3 29. Nxf3 Rg8+ 30. Ng5+ Bxg5 31. Kh1 Rf8 32. Nd5 Re8 33. Rg1 Qf7 34. Rg4 Qf5 35. Rbg1 Kh8 36. R1g3 e3 37. Nxe3 Qb1+ 38. Kg2 Qxb4 39. Rxg5 Qb7+ 40. Rd5 1-0

[Event "Pilzno op 4th"]
[Site "Pilzno"]
[Date "2010.06.05"]
[Round "5"]
[White "Czernicki, Bogdan"]
[Black "Sygulski, Boguslaw"]
[Result "1/2-1/2"]
[WhiteElo "1946"]
[BlackElo "2269"]
[PlyCount "26"]
[EventDate "2010.06.03"]
[EventType "swiss"]
[EventRounds "7"]
[EventCountry "POL"]
[SourceTitle "CBM 136 Extra"]
[Source "ChessBase"]
[SourceDate "2010.07.02"]
[SourceVersion "2"]
[SourceVersionDate "2010.07.15"]
[SourceQuality "1"]

1. e4 c6 2. d4 d5 3. exd5 cxd5 4. Bd3 Nc6 5. c3 Nf6 6. Bf4 Bg4 7. Qb3 Qd7 8. Ne2 Bxe2 9. Bxe2 e6 10. Nd2 Be7 11. 0-0 0-0 12. h3 a6 13. a4 Bd6 1/2-1/2

[Event "Pilzno op 4th"]
[Site "Pilzno"]
[Date "2010.06.03"]
[Round "2"]
[White "Kawula, Andrzej"]
[Black "Czernicki, Bogdan"]
[Result "1/2-1/2"]
[WhiteElo "2077"]
[BlackElo "1946"]
[PlyCount "91"]
[EventDate "2010.06.03"]
[EventType "swiss"]
[EventRounds "7"]
[EventCountry "POL"]
[SourceTitle "CBM 136 Extra"]
[Source "ChessBase"]
[SourceDate "2010.07.02"]
[SourceVersion "2"]
[SourceVersionDate "2010.07.15"]
[SourceQuality "1"]

1. c4 c5 2. Nc3 Nc6 3. g3 e5 4. Bg2 d6 5. e3 Be6 6. b3 g6 7. Nge2 Bg7 8. 0-0 Nge7 9. Bb2 0-0 10. Ne4 f5 11. Ng5 Bd7 12. f4 h6 13. Nh3 Rb8 14. Nf2 Qe8 15. Nc3 Kh7 16. Re1 Qf7 17. d3 a6 18. Qd2 Rfe8 19. Rad1 b5 20. Nd5 Nxd5 21. Bxd5 Qf8 22. Bg2 exf4 23. gxf4 Re7 24. cxb5 axb5 25. d4 cxd4 26. exd4 Rbe8 27. Rxe7 Qxe7 28. d5 Nd8 29. Bxg7 Kxg7 30. Nd3 Qf6 31. Nb4 Nb7 32. Nc6 Nc5 33. Qd4 Re2 34. b4 Na4 35. Bf1 Rxa2 36. Qa7 Qb2 37. Qxd7+ Kh8 38. Qe8+ Kg7 39. Qe7+ Kg8 40. Qh4 Nc3 41. Qd8+ Kg7 42. Qe7+ Kg8 43. Qe6+ Kg7 44. Qd7+ Kh8 45. Qd8+ Kg7 46. Qe7+ 1/2-1/2

[Event "POL-chT 2nd League"]
[Site "Miedzyzdroje"]
[Date "2009.09.17"]
[Round "6"]
[White "Czernicki, Bogdan"]
[Black "Swiatnicki, Andrzej"]
[Result "0-1"]
[WhiteElo "1999"]
[BlackElo "2150"]
[PlyCount "104"]
[EventDate "2009.09.12"]
[EventType "team-swiss"]
[EventRounds "9"]
[EventCountry "POL"]
[SourceTitle "EXT 2019"]
[Source "ChessBase"]
[SourceDate "2018.10.10"]
[SourceVersion "1"]
[SourceVersionDate "2018.10.10"]
[SourceQuality "1"]
[WhiteTeam "Krakow TKKF Drogowiec"]
[BlackTeam "Konin Hetman"]
[WhiteTeamCountry "POL"]
[BlackTeamCountry "POL"]

1. e4 e5 2. Nf3 Nc6 3. c4 Nf6 4. Nc3 Nd4 5. d3 Nxf3+ 6. Qxf3 c6 7. Be2 d6 8. h3 Be7 9. g4 Be6 10. g5 Nd7 11. h4 Qb6 12. b3 0-0-0 13. Bd2 Kb8 14. Na4 Qc7 15. b4 Nb6 16. Nc3 d5 17. c5 Nc8 18. exd5 cxd5 19. Qg3 Ka8 20. d4 f6 21. Nb5 Qb8 22. a4 Rhe8 23. 0-0 fxg5 24. hxg5 h6 25. Rfc1 Bd7 26. dxe5 Bxg5 27. f4 Be7 28. Nd4 g5 29. Kh1 gxf4 30. Bxf4 Bg5 31. Bb5 Bxf4 32. Qxf4 Rxe5 33. Qh4 Ne7 34. Bxd7 Rxd7 35. c6 bxc6 36. Nxc6 Nxc6 37. Rxc6 d4 38. Rac1 Re8 39. Qg4 Qb7 40. Qf3 Rb8 41. b5 d3 42. Rd1 d2 43. Qg2 Re8 44. Rxd2 Rxd2 45. Qxd2 Qf7 46. Rc1 Rg8 47. Qe2 Qf5 48. Rc3 Qb1+ 49. Kh2 Qg1+ 50. Kh3 Qh1+ 51. Qh2 Qf1+ 52. Kh4 Qf6+ 0-1

[Event "Rewal op-B 14th"]
[Site "Rewal"]
[Date "2009.08.25"]
[Round "5"]
[White "Galaszewski, Patryk"]
[Black "Czernicki, Bogdan"]
[Result "1-0"]
[WhiteElo "1788"]
[BlackElo "2034"]
[PlyCount "73"]
[EventDate "2009.08.20"]
[EventType "swiss"]
[EventRounds "9"]
[EventCountry "POL"]
[SourceTitle "EXT 2011"]
[Source "ChessBase"]
[SourceDate "2010.11.26"]
[SourceVersion "1"]
[SourceVersionDate "2010.11.26"]
[SourceQuality "1"]

1. d4 f5 2. c4 g6 3. Nc3 Nf6 4. Nf3 Bg7 5. Bg5 0-0 6. Qd2 Re8 7. h4 Nh5 8. Nd5 c6 9. Nf4 Nxf4 10. Bxf4 h5 11. Ne5 Bxe5 12. dxe5 Na6 13. f3 d6 14. exd6 exd6 15. 0-0-0 Be6 16. Bg5 Qc7 17. Qxd6 Qxd6 18. Rxd6 Kf7 19. e3 Nc5 20. Be2 a5 21. Rf1 Kg7 22. Kc2 Rac8 23. b3 b6 24. Rfd1 Bf7 25. Rd8 Rcxd8 26. Rxd8 Rxd8 27. Bxd8 Nd7 28. Bd3 c5 29. e4 Be6 30. exf5 gxf5 31. Kd2 a4 32. bxa4 Ne5 33. Bxb6 Bxc4 34. Bxf5 Bxa2 35. Bxc5 Kf6 36. Be4 Ke6 37. Kc3 1-0

[Event "Kochan Memorial op-A 20th"]
[Site "Koszalin"]
[Date "2009.08.14"]
[Round "9"]
[White "Sadzikowski, Daniel"]
[Black "Czernicki, Bogdan"]
[Result "1-0"]
[WhiteElo "2284"]
[BlackElo "2034"]
[PlyCount "80"]
[EventDate "2009.08.06"]
[EventType "swiss"]
[EventRounds "9"]
[EventCountry "POL"]
[SourceTitle "CBM 131 Extra"]
[Source "ChessBase"]
[SourceDate "2009.09.03"]
[SourceVersion "2"]
[SourceVersionDate "2009.09.16"]
[SourceQuality "1"]

1. e4 d6 2. d4 g6 3. Nc3 Bg7 4. f4 c6 5. a4 a5 6. h3 e6 7. Nf3 Ne7 8. Bd3 b6 9. Be3 Ba6 10. Bf2 Bxd3 11. Qxd3 Qd7 12. 0-0 Na6 13. Ra3 0-0 14. e5 d5 15. g4 Nb4 16. Qd2 Rac8 17. Bh4 c5 18. Nb5 cxd4 19. Nfxd4 f5 20. Nd6 Rc7 21. Bxe7 Qxe7 22. g5 Rb8 23. c3 Nc6 24. N4b5 Rd7 25. Nd4 Rc7 26. Rc1 Nd8 27. b4 Nf7 28. N4b5 Rc6 29. Rb3 Nxe5 30. fxe5 Bxe5 31. Re1 Bxd6 32. Nd4 Rc4 33. bxa5 Bc5 34. Kh1 Bxd4 35. cxd4 Rxa4 36. axb6 Qd6 37. b7 Ra7 38. Reb1 Qe7 39. Qc3 Qd7 40. Qb4 Qc7 1-0

[Event "Kochan Memorial op-A 20th"]
[Site "Koszalin"]
[Date "2009.08.13"]
[Round "8"]
[White "Czernicki, Bogdan"]
[Black "Barski, Radoslaw"]
[Result "0-1"]
[WhiteElo "2034"]
[BlackElo "2218"]
[PlyCount "86"]
[EventDate "2009.08.06"]
[EventType "swiss"]
[EventRounds "9"]
[EventCountry "POL"]
[SourceTitle "CBM 131 Extra"]
[Source "ChessBase"]
[SourceDate "2009.09.03"]
[SourceVersion "2"]
[SourceVersionDate "2009.09.16"]
[SourceQuality "1"]

1. d4 Nf6 2. f4 g6 3. Nf3 Bg7 4. e3 0-0 5. b3 d6 6. Bb2 Nbd7 7. Be2 b6 8. 0-0 Bb7 9. c4 c5 10. Na3 Re8 11. Nc2 Rc8 12. d5 e6 13. dxe6 Rxe6 14. Ng5 Re7 15. Bf3 Bxf3 16. gxf3 Nf8 17. Nh3 Rd7 18. Qe1 d5 19. cxd5 Rxd5 20. Rd1 Qd7 21. Rxd5 Qxd5 22. Qd1 Rd8 23. Qxd5 Rxd5 24. Nf2 Rd2 25. Rc1 Ng4 26. Bxg7 Nxf2 27. Bc3 Nh3+ 28. Kh1 Re2 29. Be1 Nf2+ 30. Bxf2 Rxf2 31. Kg1 Rd2 32. a4 Rd3 33. Rb1 Ne6 34. h3 Ng7 35. b4 Rc3 36. Ne1 cxb4 37. Rxb4 Rxe3 38. Kf2 Ra3 39. Rc4 Ne6 40. Nc2 Ra2 41. Ke3 Nc5 42. f5 gxf5 43. Rf4 Rxc2 0-1